01060nam a2200241 i 4500001000300000245026000003260004500263300002100308650002300329650003300352650004100385650002300426650004000449655002900489700004100518710006800559020001500627040000800642041000700650080002200657008004100679856009800720bg00aTechnologie bezodpadowe i zagospodarowanie odpadów w przemyśle chemicznym i rolnictwie :bIV konferencja, Łukęcin 18-21 maja 1998 : (streszczenia) /c[red. nauk. Kazimierz Kałucki] ; Politechnika Szczecińska. Instytut Technologii Nieorganicznej. aSzczecin :bWydaw. Uczelniane PS,c1998. a164 s. ;c24 cm. 9aOdpadyxgospodarka 9aPrzemysł chemicznyxhigiena 9aPrzemysł rolno-spożywczyxhigiena 9aRolnictwoxhigiena 9aTechnologia chemiczna nieorganiczna aMateriały konferencyjne1 aKAŁUCKI, Kazimierzd(1935- ).eRed. 0aPolitechnika SzczecińskabInstytut Technologii Nieorganicznej a8387423211 cBPK0 apl a66+63:628.4](061) s pl f |000 0 pol  uhttp://koha.tu.koszalin.pl/cgi-bin/koha/opac-detail.pl?biblionumber=39033yKatalog online BPK